000 00305 a2200145 4500
001 151756
040 _cEscola São Tomás de Aquino
240 1 0 _aA tulipa negra
_lpor
245 1 0 _aA tulipa negra
300 _a176
362 0 _a2004
440 1 _aFTD
697 _a*LITERATURA JUVENIL
942 _cBK
999 _c151756
_d151756